000 00711nam a22002177a 4500
942 _cBK
999 _c285
_d285
005 20250420134804.0
008 200105b ||||| |||| 00| 0 eng d
020 _a9781857036626
040 _cKCST
082 _a808.066
100 _aSwetnam, Derek
_91015
245 _aWriting your dissertation:
_bthe bestelling guide to planning, preparing and presenting first-class work /
_cDerek Swetnam, Ruth Swetnam
260 _aLondon:
_bRobinson;
_c2009.
300 _a132 p.
650 _aDissertations, Academic
_xHandbooks, manuals, etc.
_91016
650 _aAcademic writing
_xHandbooks, manuals, etc.
_91017
650 _aAcademic writing.
_9165
700 _aRuth Swetnam
_91018
942 _2ddc